000 00811nam a2200277 a 4500
001 000003454
003 DO-SdBPM
005 20250826081042.0
007 ta
008 090709s2009 dr r 000 p spa d
040 _aDO-SdBPM
_bspa
_cBPMSU
_erda
082 4 _aRD861.5
_bE37s 2008
_222
100 1 _aBáez, Rodolfo
_eautor
245 1 3 _aEl silencio de mi alma /
_cRodolfo Báez.
264 _aSanto Domingo :
_bPublicarte,
_c2009.
300 _a88 páginas ;
_c22 cm.
336 _atexto
_btxt
_2rdacontent
337 _asin mediación
_bn
_2rdamedia
338 _avolumen
_bnc
_2rdacarrier
590 _aInventariado, 2025/VM
650 7 _aPoesía dominicana
650 7 _aLiteratura dominicana.
650 z _aDominican literature
910 _aVMateo V. Control de calidad BPMSU
942 _2ddc
_cBK
999 _c10330
_d10330